000 00312nam a22001457a 4500
008 231012b ||||| |||| 00| 0 eng d
020 _a9780671799403
041 _aeng
080 _a573
082 _a573NOR
100 _a44
101 _aENCIKLO
245 _aPREHISTORIC LIFE
_cNORMAN .D
942 _2udc
_cBK
999 _c60438
_d60438